[Event "GER-chT U10"]
[Site "Magdeburg"]
[Date "2014.12.27"]
[Round "2.1"]
[White "Sawadski, Nikolas"]
[Black "Lindner, Ben"]
[Result "0-1"]
[WhiteElo "1175"]
[BlackElo "949"]
[PlyCount "120"]
[EventDate "2014.12.27"]
[EventType "team-swiss"]
[EventRounds "7"]
[EventCountry "GER"]
[SourceTitle "EXT 2016"]
[Source "ChessBase"]
[SourceDate "2015.10.08"]
[SourceVersion "1"]
[SourceVersionDate "2015.10.08"]
[SourceQuality "1"]
[WhiteTeam "Heilbronn"]
[BlackTeam "Leipzig Gruen Weiss II"]
[WhiteTeamCountry "GER"]
[BlackTeamCountry "GER"]

1. e4 e5 2. Nf3 Nc6 3. Bc4 Bc5 4. Nc3 Nf6 5. d3 h6 6. 0-0 d6 7. Be3 Bg4 8. a3 Bd4 9. Bb5 a6 10. Bxc6+ bxc6 11. a4 Bxe3 12. fxe3 Rb8 13. b3 Qd7 14. Rf2 Bh5 15. Qd2 Bxf3 16. Rxf3 Qg4 17. Rg3 Qh4 18. Rh3 Qg5 19. Qf2 Ng4 20. Qf3 f6 21. Rg3 h5 22. d4 exd4 23. exd4 Qd2 24. e5 Qxd4+ 25. Kh1 dxe5 26. Qf5 Nf2+ 27. Kg1 Ne4+ 28. Kf1 Nxg3+ 29. hxg3 Qxc3 30. Qe6+ Kf8 31. Rd1 Re8 32. Qd7 Qxg3 33. Qxc7 Qf4+ 34. Kg1 Kg8 35. Rd7 Rh7 36. Qxc6 Qe3+ 37. Kh2 Qf4+ 38. Kg1 Qf5 39. Rxg7+ Kxg7 40. Qxe8 Qg6 41. Qd7+ Qf7 42. Qc6 Qg6 43. Qxa6 Qxc2 44. Qb7+ Kg6 45. Qb6 Qc3 46. a5 Qd4+ 47. Kh2 Qxb6 48. axb6 Rb7 49. g4 hxg4 50. Kg3 Rxb6 51. Kxg4 Rxb3 52. Kh4 Rb4+ 53. Kg3 Kg5 54. Kf3 e4+ 55. Ke3 f5 56. Kf2 f4 57. Ke2 Rb2+ 58. Kf1 e3 59. Ke1 f3 60. Kf1 Rb1# 0-1